000 00984cam a2200301 a 4500
001 1447910
003 OSt
005 20240530110911.0
008 851113s1985 fr b 001 0 fre
010 _a 85139124
020 _a2204022551
040 _aDLC
_cDLC
_dDLC
082 0 4 _a185
_219
_bC A
100 1 _aComparot, Andrée.
245 1 0 _aAugustinisme et aristotélisme :
_bde Sebon à Montaigne /
_cAndrée Comparot.
260 _aLille :
_bAtelier national de reproduction des thèses,
_c[1985?]
300 _a678, [69] p. ;
_c24 cm.
490 0 _aThèses Cerf,
_x0759-6529
500 _aIncludes index.
504 _aBibliography: p. [679]-[716]
600 0 0 _aAugustine,
_cof Hippo, Saint,
_d354-430
_xInfluence.
600 0 0 _aAristotle
_xInfluence.
600 0 0 _aRaymond,
_cof Sabunde,
_d-1436.
600 1 0 _aMontaigne, Michel de,
_d1533-1592
_xPhilosophy.
650 0 _aPhilosophy, Medieval.
906 _a7
_bcbc
_corignew
_d4
_encip
_f19
_gy-gencatlg
942 _2ddc
_cBK
999 _c66302
_d66302